[Event "38th Olympiad w"]
[Site "Dresden GER"]
[Date "2008.11.15"]
[Round "3"]
[White "Uchida,N"]
[Black "Nakhbayeva,G"]
[Result "0-1"]
[WhiteElo "1822"]
[BlackElo "2201"]
[EventDate "2008.11.13"]

1. e4 c5 2. Nf3 d6 3. d4 cxd4 4. Nxd4 Nf6 5. Nc3 a6 6. Bc4 e6 7. Bb3 Be7 8.
O-O O-O 9. Qf3 Qc7 10. Qg3 Nc6 11. Nxc6 Qxc6 12. Bh6 Ne8 13. Rae1 Kh8 14.
Bd2 b5 15. f4 a5 16. a3 Ba6 17. Rf2 Nc7 18. f5 Bf6 19. fxe6 fxe6 20. Bf4
Bd4 21. Be3 Be5 22. Bf4 Qc5 23. Bxe5 dxe5 24. Qe3 Qe7 25. Ref1 b4 26. Rxf8+
Rxf8 27. Rxf8+ Qxf8 28. axb4 Qf1+ 0-1

[Event "38th Olympiad w"]
[Site "Dresden GER"]
[Date "2008.11.15"]
[Round "3"]
[White "Mudongo,B"]
[Black "Paridar,S"]
[Result "0-1"]
[WhiteElo "1917"]
[BlackElo "2248"]
[EventDate "2008.11.13"]

1. e4 c5 2. c3 Nf6 3. e5 Nd5 4. Nf3 e6 5. d4 cxd4 6. Nxd4 d6 7. exd6 Bxd6
8. Nb5 Bc5 9. Be2 Qe7 10. O-O a6 11. Nd4 O-O 12. Nb3 Bd6 13. a3 Rd8 14. Qc2
Nc6 15. Bf3 Ne5 16. Bxd5 exd5 17. Rd1 Qh4 18. Nd4 Bc7 19. Qd2 Bg4 20. Re1
Re8 21. Rf1 Nc4 22. g3 Qh3 23. Qg5 Qxf1+ 0-1

[Event "38th Olympiad w"]
[Site "Dresden GER"]
[Date "2008.11.15"]
[Round "3"]
[White "Ghader Pour,S"]
[Black "Sabure,O"]
[Result "1-0"]
[WhiteElo "2149"]
[BlackElo "1641"]
[EventDate "2008.11.13"]

1. e4 g6 2. d4 Bg7 3. Nc3 d6 4. g3 Nd7 5. Bg2 c6 6. a4 e5 7. Nge2 Ne7 8.
Be3 O-O 9. Qd2 exd4 10. Bxd4 Ne5 11. O-O Nc4 12. Qc1 Bxd4 13. Nxd4 Qb6 14.
Nf3 Qxb2 15. Qxb2 Nxb2 16. Nd2 b5 17. axb5 Be6 18. bxc6 Rac8 19. Nd5 Nxc6
20. Rfb1 Rb8 21. Ra2 Nc4 22. Rxb8 Rxb8 23. Nxc4 Rb1+ 24. Bf1 Bh3 25. Nd2
Rd1 26. Ne3 Rxd2 27. Bxh3 Nd4 28. Kg2 Nb5 29. Ra5 Nc3 30. Kf3 Rd4 31. e5
Ne4 32. exd6 Nxd6 33. Rd5 Rxd5 34. Nxd5 a5 35. Bd7 Nc4 36. Ba4 Nb2 37. Nb6
f5 38. Bb3+ Kg7 39. Nc4 Nd1 40. Nxa5 Nc3 41. Bc4 Kf6 42. Ke3 Nd1+ 43. Ke2
Nc3+ 44. Kd3 Nd1 45. f3 h5 46. Bd5 g5 47. c4 Nb2+ 48. Kd4 h4 49. c5 Na4 50.
Nc4 1-0

[Event "38th Olympiad w"]
[Site "Dresden GER"]
[Date "2008.11.15"]
[Round "3"]
[White "Lim,H"]
[Black "Cramling,P"]
[Result "0-1"]
[WhiteElo "1566"]
[BlackElo "2550"]
[EventDate "2008.11.13"]

1. d4 Nf6 2. Nf3 e6 3. c4 c5 4. Nc3 cxd4 5. Nxd4 a6 6. a4 Qc7 7. b3 d5 8.
e3 Bb4 9. Bb2 Ne4 10. Rc1 Qa5 11. Qc2 e5 12. Nf3 Bf5 13. Bd3 Bxc3+ 14. Bxc3
Nxc3 15. Qxc3 Qxc3+ 16. Rxc3 Bxd3 17. Rxd3 e4 18. Rxd5 exf3 19. gxf3 Nc6
20. Rg1 g6 21. Ke2 Ke7 22. Rgd1 Rhd8 23. Rxd8 Rxd8 24. Rxd8 Nxd8 25. Kd3
Kd6 26. b4 a5 27. c5+ Kc6 28. Kc4 axb4 29. Kxb4 Ne6 30. f4 Nxc5 31. f3 Nd3+
32. Kc4 Ne1 33. e4 Nxf3 34. e5 Nxh2 35. a5 0-1

[Event "38th Olympiad w"]
[Site "Dresden GER"]
[Date "2008.11.15"]
[Round "3"]
[White "Elfelo,K"]
[Black "Naipal,V"]
[Result "0-1"]
[WhiteElo "1875"]
[BlackElo "1790"]
[EventDate "2008.11.13"]

1. e4 e5 2. Nf3 Nc6 3. Bc4 Bc5 4. d3 Nf6 5. Bg5 O-O 6. O-O Re8 7. Nc3 Be7
8. Re1 d6 9. h3 Na5 10. Bb5 c6 11. Ba4 b5 12. Bb3 Nxb3 13. axb3 a5 14. b4
Be6 15. bxa5 b4 16. Ne2 Rxa5 17. Rxa5 Qxa5 18. Qd2 Ra8 19. Ng3 h6 20. Bh4
Ra7 21. Nf5 Bxf5 22. exf5 Nd5 23. Re4 Qa1+ 24. Kh2 Qxb2 25. Rg4 Kf8 26.
Bxe7+ Rxe7 27. Re4 Rb7 28. g4 b3 29. cxb3 Rxb3 30. Re2 Qxd2 31. Rxd2 Nf4
32. d4 Rxf3 33. dxe5 Rxh3+ 34. Kg1 dxe5 35. Rd8+ Ke7 36. Rc8 Rc3 37. Rg8
Kf6 38. Rd8 c5 39. Rd6+ Kg5 40. Rd7 Kxg4 41. Rxf7 Kh3 42. f3 Rxf3 43. Rxg7
Ne2+ 44. Kh1 Rf1+ 0-1